| 000 | 00347nam a2200145Ia 4500 | ||
|---|---|---|---|
| 008 | 191201s2007 xx 000 0 und d | ||
| 082 |
_a658.804 _bROI |
||
| 100 | _aROBERT, B | ||
| 245 | 0 | _aIndustrial Marketing, Analysis, Planning & Control | |
| 250 | _a2nd | ||
| 260 |
_aN.Delhi _bPHI _c2007 |
||
| 300 | _a670 | ||
| 650 | _aMBA | ||
| 942 |
_2ddc _cBK |
||
| 999 |
_c2880 _d2880 |
||